000 00292nam a22001337a 4500
008 171010b xxu||||| |||| 00| 0 eng d
020 _a9780262562195
041 _aeng
080 _a316
100 _a50
101 _asoc
245 _aA THEORY OF GENERAL ETHICS
_cFOX, W
942 _2udc
_cBK
999 _c32807
_d32807